The programming language LISP : its operation and applications /

Guardado en:
Autor Corporativo: Information International, Inc.
Otros Autores: Berkeley, Edmund Callis. (Editor ), Bobrow, Daniel G. 1935- (Editor )
Formato: Libro
Idioma:English
Publicado: Cambridge, Mass. : M.I.T. Press, [1966].
Materias:
Etiquetas: Agregar Etiqueta
Sin Etiquetas, Sea el primero en etiquetar este registro!
LEADER 00957cam a22002295a 4500
001 MAT.inmabb006637
008 840502s1966####maua#####b####000#0#eng##
005 20170517155607.0
245 1 4 |a The programming language LISP :  |b its operation and applications /  |c Edmund C. Berkeley and Daniel G. Bobrow, editors. 
260 |a Cambridge, Mass. :  |b M.I.T. Press,  |c [1966]. 
300 |a ix, 385 p. :  |b il. ;  |c 21 cm. 
500 |a Prepared under Contract SD-162 issued by the Advanced Research Projects Agency, Dept. of Defense, to Information International, Inc. 
504 |a Incluye referencias bibliográficas. 
020 |a 0262590042 
700 1 |a Berkeley, Edmund Callis.  |4 edt 
700 1 |a Bobrow, Daniel G.  |q (Daniel Gureasko),  |d 1935-  |4 edt 
710 2 |a Information International, Inc. 
650 0 |a LISP (Computer program language) 
084 |a 68N15  |2 msc2000 
010 |a  66004729  
040 |a DLC/ICU  |c ICU  |d DLC 
859 |h 68  |i P9645l  |p A-4341  |b BIB. MATEMATICA